000 01573cam a22004454i 4500
003 PE-LiUPU
005 20250731172903.0
008 170117s2009 miua rb 000 0 eng d
020 _a0825427622
020 _a9780825427626
035 _a(Sirsi) a166156
040 _aPE-LiUPU
_bspa
_cPE-LiUPU
_erda
049 _aPRUA
082 0 4 _a222
_bV82
_222
100 1 _aVogt, Peter T.,
_eautor.
245 1 0 _aInterpreting the Pentateuch :
_ban exegetical handbook /
_cPeter T. Vogt.
264 1 _aGrand Rapids, MI :
_b Kregel Publications,
_c2009.
300 _a214 páginas :
_bilustraciones ;
_c23 centímetros.
336 _atext
_2rdacontent
337 _aunmediated
_2rdamedia
338 _avolume
_2rdacarrier
504 _aIncluye referencias bibliográficas.
505 0 4 _aThe genres of the Pentateuch -- Major themes of the Pentateuch -- Getting started -- Interpreting the Pentateuch -- Communicating the genres of the Pentateuch -- Putting it all together.
526 _aSEG42
526 _aSEG41
526 _aSEG40
526 _aSEG39
526 _aP94
526 _aP87
526 _aP86
526 _aP85
526 _aP77
526 _aP76
526 _aP35
650 0 4 _aExégesis, interpretación cristiana.
596 _a1
942 _2ddc
_cBOOK
999 _a222 V82
_wLC
_c14894
_i75550
_d14894
_e2017-6-30
_f2021-11-9
_g5
_lCCODEBUL1
_mBUL
_n1
_p15.69
_r0
_sY
_tBOOK
_u2017-1-17
_xTEOLOGIA
_PP85
_0COMPRA
_o.STAFF. Colección Teología
980 _81
_gALBERTO SANCHEZ Responsable de Automatización